000 01548naa a22003257a 4500
001 BR8401022
003 BR-BrBNA
005 20250721154431.0
007 ta
008 250630b bl.|||m| |||| 00| 0 por d
040 _aBR-BrBNA
_bpor
_cBiblioteca Nacional de Agricultura
041 _a(En)
072 _aL73
_b5300
_b4150
090 _aL73 BR8401022
100 1 _aMcFerran, J.B.
100 1 _aMcNulty, M.S.
111 1 _a3. Simposio do Centro Nacional de Pesquisa de Suinos e Aves; 2. Simposio Catarinense de Sanidade Suina
_cConcordia, SC (Brazil)
_d7-11 Nov 1983
245 1 _aEnteric diseases caused by viruses [doenca animal, virus, intestino, suino]
246 1 _aEnteric diseases caused by viruses [animal disease, virus, intestine, swine]
246 1 _a[Annals of the 3. Symposium of the National Center of Swine and Poultry Research and of the 2. Swine Health Symposium of Santa Catarina]
500 _aAnais do 3. Simposio do Centro Nacional de Pesquisa de Suinos e Aves e do 2. Simposio Catarinense de Sanidade Suina Concordia, SC (Brasil): 1983. p. 73-85 [31 ref.] (BR8401022-AMS)
773 0 _tAnais do 3. Simposio do Centro Nacional de Pesquisa de Suinos e Aves e do 2. Simposio Catarinense de Sanidade Suina
_wL73 BR8401022
_gConcordia, SC (Brasil), 1983. p. 73-85
650 _aSUINO
650 _aVIRUS
650 _aDOENCA ANIMAL
650 _aINTESTINO
490 _aDocumentos - Centro Nacional de Pesquisa de Suinos e Aves (Brazil)
_vno. 7
942 _cAMS
_2AGRIS
909 _a202506
_bLúcia
_c55
_dLúcia Elande
999 _c334731
_d334731